Dopad hospodárskej krízy na výrobný proces v podniku bakalárska práca

Uložené v:
Podrobná bibliografia
Hlavný autor: Peťková, Denisa
Korporativný autor: Fakulta podnikového manažmentu EU. Katedra manažmentu výroby a logistiky - zrušená
Ďalší autori: Richnák, Patrik, 1988-
Médium: Kniha
Jazyk:Slovak
Vydavateľské údaje: Bratislava 2016
Tagy: Pridať tag
Žiadne tagy, Buďte prvý, kto otaguje tento záznam!

MARC

LEADER 00000nbm a2200000 4500
001 0218481
005 20161110144007.5
041 0 |a slo 
044 |a SK 
245 1 0 |a Dopad hospodárskej krízy na výrobný proces v podniku  |b bakalárska práca  |c Denisa Peťková ; školiteľ: Patrik Richnák 
264 1 |a Bratislava  |c 2016 
300 |a 44 s. 
100 1 |a Peťková, Denisa 
700 1 |a Richnák, Patrik, 1988- 
710 2 |a Fakulta podnikového manažmentu EU. Katedra manažmentu výroby a logistiky - zrušená